| 000 | 00410nam a2200169Ia 4500 | ||
|---|---|---|---|
| 005 | 20250423094354.0 | ||
| 008 | 250422s9999 xx 000 0 und d | ||
| 020 | _a978-1-4051-1200-0 | ||
| 050 | _aPL 8010 .A353/ | ||
| 245 | 0 | _aAfrican Literature : an anthology of criticism and theory | |
| 260 | _aUSA | ||
| 260 | _bBlackwell | ||
| 260 | _c2007 | ||
| 300 | _a774 p | ||
| 650 | _aLitrature | ||
| 942 | _cBK | ||
| 999 |
_c27043 _d27043 |
||